MARC

LEADER 00000nam0a2200000 4500
001 36119
005 20231031001055.0
035 |a (RuTPU)RU\TPU\book\36585 
035 |a BOOK00003237 
090 |a 36119 
100 |a 20011210d1973 k y0rusy50 ca 
101 1 |a rus  |c eng 
102 |a RU 
105 |a a z 001zy 
200 1 |a Газожидкостные реакции  |e пер. с англ.  |f П. В. Данквертс 
210 |a Москва  |c Химия  |d 1973 
215 |a 296 с.  |c ил. 
610 1 |a химия 
610 1 |a газы 
610 1 |a жидкости 
610 1 |a реакции 
610 1 |a абсорбция 
610 1 |a химические технологии 
610 1 |a библиотека А. Г. Стромберга 
675 |a 66.081  |v 3 
675 |a 66.04  |v 3 
700 1 |a Данквертс  |b П. В. 
801 0 |a RU  |b 63413507  |c 20011210  |g PSBO 
801 2 |a RU  |b 63413507  |c 20170913  |g PSBO 
900 |a Теоретические основы создания систем охраны окружающей среды 
900 |a Теория химико-технологических процессов органического синтеза 
942 |c BK